LEADER 05681nam 2200721 450 001 9910460539403321 005 20200520144314.0 010 $a1-119-06519-4 010 $a1-119-06510-0 035 $a(CKB)3710000000357838 035 $a(EBL)1896034 035 $a(SSID)ssj0001559251 035 $a(PQKBManifestationID)16185857 035 $a(PQKBTitleCode)TC0001559251 035 $a(PQKBWorkID)14820173 035 $a(PQKB)11322301 035 $a(MiAaPQ)EBC1896034 035 $a(Au-PeEL)EBL1896034 035 $a(CaPaEBR)ebr11022799 035 $a(CaONFJC)MIL769976 035 $a(OCoLC)903584481 035 $a(EXLCZ)993710000000357838 100 $a20150305h20142014 uy 0 101 0 $aeng 135 $aurcnu|||||||| 181 $ctxt 182 $cc 183 $acr 200 00$aAssessing civic engagement /$fDawn Geronimo Terkla, Lisa S. O'Leary, Gloria Crisp, editors ; John F. Ryan, editor-in-chief 210 1$aSan Francisco, [California] :$cJossey-Bass,$d2014. 210 4$dİ2014 215 $a1 online resource (115 p.) 225 0 $aNatural Directions for Institutional Research ;$vNumber 162 300 $a"Wiley Online Library"--Cover. 311 $a1-119-06505-4 320 $aIncludes bibliographical references at the end of each chapters and index. 327 $aAssessing Civic Engagement; CONTENTS; EDITORS' NOTES; 1 Analysis of the Carnegie Classification of Community Engagement: Patterns and Impact on Institutions; Development of the Community Engagement Classification; Initiation of the Community Engagement Classification: 2006 and 2008 Applications; Analysis of 2008 Carnegie Classification Institutional Data; 2008 Data: Foundational Indicators; 2008 Data: Curricular Engagement; 2008 Data: Outreach and Partnerships; Challenges Continuing for Carnegie Institutions Classified as Community Engaged 327 $aInstitutional Responses to the Community Engagement Classification: Feedback on the Documentation and Application Process Benefits of the Carnegie Classification for Community Engagement; Addendum; References; 2 Frequent Participation in Service Learning: Examining Institutional Differences and Individual Benefits; A Look at the Extent of Service Learning Participation and Its Impact; Findings; Limitations; Implications; Notes; References; 3 Do College Youth Serve Others? How and Under Which Circumstances? Implications for Promoting Community Service; Research Needs; Conceptual Framework 327 $aMethod Data Source; Study Variables; Results; Occurrence of Community Service; Types of Community Service; Required Versus Not Required Community Service Types; Individual, Social, and Cultural Resources or "Capital" for Community Service; Individual Characteristics and Resources; Immediate Social Resources; Cultural and Contextual Resources; Discussion; Note; References; 4 The Impact of the Campus Culture on Students' Civic Activities, Values, and Beliefs; Relevant Literature; Participants and Data Sources; Methodology; Conceptual Model; Results and Discussion; Limitations of the Study 327 $aSuggestions for Future Research Conclusion; Notes; References; 5 Civic Engagement in College Students: Connections Between Involvement and Attitudes; Analysis of the Literature; Methods and Procedures; Population and Sample; Variables Measured and Instruments Used; Study Design; Analyses; Canonical Correlation; Results and Discussion; Implications for Future Research; Final Conclusions; Notes; References; 6 Creating an Organizational Framework for Assessment of Student Engagement; Historical Perspective; Building Upon the Institution's Mission, Tradition, and History 327 $aDeveloping Academic Service Learning Growing and Strengthening Academic Service Learning; Institutionalizing Academic Service Learning; Superior Edge; Integrating Superior Edge, Academic Service Learning, and Community Outreach; Assessment of Student Engagement/Current Practices; Assessment of Student Engagement/Future Initiatives; In Retrospect, Recommendations for Other Campuses; References; 7 Alternative Spring Break at the Savannah College of Art and Design: Engaging Art and Design Students in Community Service; Service Opportunities for Students Program at SCAD; Literature Review 327 $aResearch Methods 330 $aHow does one assess community service, civic engagement, and the impact of service learning on a college campus? This volume reviews contemporary research, measurement instruments, and practices in the assessment of civic engagement in higher education,including: meta-analyses of students, faculty, institutions, and higher education systems at-large,targeted case studies of campus-specific practices at individual institutions,efficient and effective ways to gauge the influence of civic engagement on higher education policy, practices, and outcomes,and quantitative and qualitative approaches to measure 410 0$aJ-B IR Single Issue Institutional Research 606 $aCommunity and college$zUnited States 606 $aService learning$zUnited States 606 $aStudent volunteers in social service$zUnited States 608 $aElectronic books. 615 0$aCommunity and college 615 0$aService learning 615 0$aStudent volunteers in social service 676 $a378.103 702 $aTerkla$b Dawn G. 702 $aO'Leary$b Lisa S. 702 $aCrisp$b Gloria 702 $aRyan$b John F.$f1935- 801 0$bMiAaPQ 801 1$bMiAaPQ 801 2$bMiAaPQ 906 $aBOOK 912 $a9910460539403321 996 $aAssessing civic engagement$92441452 997 $aUNINA LEADER 03813nam 22006012 450 001 996248336903316 005 20230821210958.0 010 $a0-511-87560-6 010 $a0-511-62867-6 024 7 $a2027/heb01728 035 $a(CKB)2610000000005974 035 $a(MH)002093976-0 035 $a(SSID)ssj0000463965 035 $a(PQKBManifestationID)11294885 035 $a(PQKBTitleCode)TC0000463965 035 $a(PQKBWorkID)10416968 035 $a(PQKB)11282301 035 $a(UkCbUP)CR9780511628672 035 $a(MiAaPQ)EBC4636858 035 $a(dli)HEB01728 035 $a(MiU) MIU01100000000000000000439 035 $a(EXLCZ)992610000000005974 100 $a20090918d1991|||| uy 0 101 0 $aeng 135 $aur||||||||||| 181 $ctxt$2rdacontent 182 $cc$2rdamedia 183 $acr$2rdacarrier 200 00$aSociety and politics in the Age of the Risorgimento $eessays in honour of Denis Mack Smith /$fedited by John A. Davis and Paul Ginsborg 205 $a1st pbk. ed. 210 1$aCambridge :$cCambridge University Press,$d1991. 215 $a1 online resource (xxi, 279 pages) $cillustrations, maps; digital, PDF file(s) 300 $aFirst published 1991. 311 0 $a0-521-52645-0 311 0 $a0-521-36592-9 320 $a"Bibliography of Denis Mack Smith's writings on Italy": p.271-273. 320 $aIncludes bibliographical references and index. 327 $a1799: the Santafede and the crisis of the Ancien Regime in southern Italy / John A. Davis -- War and society in Napoleonic Italy / Franco Della Peruta -- The poor and how to relieve them / Stuart Woolf -- Bandits, violence, and the organization of power in Sicily in the early nineteenth century / Giovanna Fiume -- Marriage and the family in Italy in the early nineteenth century / Marzio Barbagli -- After the revolution / Paul Ginsborg -- Labouring women in northern and central Italy in the nineteenth century / Simonetta Ortaggi Cammarosano -- Garibaldi in England / Derek Beales -- The middle classes in liberal Italy / Adrian Lyttelton -- Francesco de Sanctis / Denis Mack Smith. 330 $aSociety and Politics in the Age of the Risorgimento contains ten essays written in honour of Denis Mack Smith by leading British and Italian specialists. The volume is intended both as a tribute to Denis Mack Smith's outstanding contribution to Italian history and as an attempt to open up wider debate on Italian society and politics in the period of the Risorgimento, bringing aspects of nineteenth-century Italian politics and social history into a comparative European context. Topics discussed in the volume include the collapse of the ancien re?gime in southern Italy; the Italian armies in the Napoleonic period; debates on poverty in Italy and Europe in the early nineteenth century; family and marriage; the origins of the mafia in Sicily; peasant protest in the Po valley; Garibaldi and England in the 1860s; the emergence of an Italian middle class; women workers; and the politics of the critic Francesco De Sanctis. 517 3 $aSociety & Politics in the Age of the Risorgimento 607 $aItaly$xSocial conditions 607 $aItaly$xHistory$y19th century 676 $a306/.0945 702 $aMack Smith$b Denis$f1920-2017 702 $aDavis$b John A$g(John Anthony), 702 $aGinsborg$b Paul 801 0$bUkCbUP 801 1$bUkCbUP 906 $aBOOK 912 $a996248336903316 996 $aSociety and politics in the age of the Risorgimento$9248734 997 $aUNISA 999 $aThis Record contains information from the Harvard Library Bibliographic Dataset, which is provided by the Harvard Library under its Bibliographic Dataset Use Terms and includes data made available by, among others the Library of Congress